Simplified six sigma : (Record no. 64914)

MARC details
000 -LEADER
fixed length control field 00865nam a22002297a 4500
005 - DATE AND TIME OF LATEST TRANSACTION
control field 20120412130027.0
008 - FIXED-LENGTH DATA ELEMENTS--GENERAL INFORMATION
fixed length control field 120412t xxu||||| |||| 00| 0 eng d
010 ## - LCCN (DPL NO)
LC control number ENG-104973
020 ## - INTERNATIONAL STANDARD BOOK NUMBER
International Standard Book Number 9788120345287
Terms of availability 395.00
035 ## - SYSTEM CONTROL NUMBER
System control number EN-88506
037 ## - SOURCE OF ACQUISITION
Source of stock number/acquisition DBAD/PUB
040 ## - CATALOGING SOURCE
Original cataloging agency DPL
Language of cataloging ENG
082 ## - DEWEY DECIMAL CLASSIFICATION NUMBER
Classification number 658.4013
100 ## - MAIN ENTRY--PERSONAL NAME
Personal name Gopalakrishnan, N.
9 (RLIN) 44976
245 ## - TITLE STATEMENT
Title Simplified six sigma :
Statement of responsibility, etc by N. Gopalakrishnan
Remainder of title methodology, tools and implementation /
260 ## - PUBLICATION, DISTRIBUTION, ETC. (IMPRINT)
Place of publication, distribution, etc New Delhi
Name of publisher, distributor, etc PHI Learning
Date of publication, distribution, etc 2012
270 ## - ADDRESS
Address M-97, Connaught Circus
City New Delhi
Postal code 110001
300 ## - PHYSICAL DESCRIPTION
Extent xiii,341p.
Dimensions 23cm(pbk)
500 ## - GENERAL NOTE
General note Includes bibliographical references and index
942 ## - ADDED ENTRY ELEMENTS (KOHA)
Source of classification or shelving scheme Dewey Decimal Classification
Item type English Books
Classification part 658.4013
Call number suffix GOP
Holdings
Withdrawn status Lost status Source of classification or shelving scheme Damaged status Not for loan Collection code Home library Current library Date acquired Source of acquisition Cost, normal purchase price Total Checkouts Full call number Barcode Date last seen Copy number Cost, replacement price Koha item type
    Dewey Decimal Classification   Not For Loan Non-fiction D.B.Act.Division D.B.Act.Division 12/04/2012 DBAD/PUB 395.00   658.4013 GOP EN-88506 12/04/2012 1 395.00 English Books

© Delhi Public Library
Hit Counter
free hit counter